|
|
|
|
| LEADER |
00629nam a2200181Ia 4500 |
| 001 |
168550 |
| 008 |
170722s9999 xx 000 0 und d |
| 020 |
|
|
|a 8123914032
|
| 100 |
|
|
|a Madhyastha, Sampath
|
| 245 |
|
|
|a Manipal manual of anatomy
|b For allied health science courses /
|
| 250 |
|
|
|a 2nd ed.
|
| 260 |
|
|
|a New Delhi :
|b CBS Publishers & Distributors Pvt Ltd ,
|c 2011.
|
| 300 |
|
|
|a xvi+463
|
| 653 |
|
|
|a Medicine,anatomy
|
| 923 |
|
|
|d 20101221
|n V- 568
|
| 942 |
|
|
|c GEN
|
| 999 |
|
|
|c 144226
|d 144226
|
| 952 |
|
|
|0 0
|1 0
|4 0
|6 L_2_P7
|7 0
|9 203902
|a LIB
|b LIB
|d 2013-03-25
|e Prabhus Books
|l 1
|o L:2 P7
|p 281717
|r 2019-08-21
|s 2019-08-06
|v 550.00
|w 2017-08-12
|y GEN
|